MARC

LEADER 00000nam1a2200000 4500
001 379886
005 20231101062632.0
011 |a 0131-9582 
035 |a (RuTPU)RU\TPU\prd\364 
035 |a PERI00000364 
090 |a 379886 
100 |a 20011210a19251938k y0rusy50 ca 
101 0 |a rus 
102 |a RU 
200 1 |a Керамика и стекло  |f Главное управление стекольной промышленности НКЛП СССР 
210 |a М.  |c ВИИТО  |d 1925-1938 
305 |a Издается с 1925 г. 
326 |a ежемесячно 
440 1 |0 (RuTPU)RU\TPU\prd\1474  |x 0131-9582  |t Стекольная промышленность  |f Главное управление стекольной промышленности НКЛП СССР  |c М.  |n Гизлегпром  |d 1939-1940 
440 1 |0 (RuTPU)RU\TPU\prd\1477  |x 0131-9582  |t Стекольная и керамическая промышленность  |f Наркомпром строительных материалов СССР  |c М.  |n Гизлегпром  |d 1946-1947 
440 1 |0 (RuTPU)RU\TPU\prd\1726  |x 0131-9582  |t Стекло и керамика  |o научно-технический и производственный журнал  |f Российский химико-технологический университет им. Д. И. Менделеева (РХТУ)  |c М.  |n "Стекло и керамика"  |d 1948- 
610 1 |a химическая промышленность 
610 1 |a стекло 
610 1 |a керамика 
610 1 |a уголиты 
610 1 |a ситаллы 
610 1 |a стеклопластики 
610 1 |a техника 
610 1 |a технология 
610 1 |a научные исследования 
675 |a 666  |v 3 
712 0 2 |a Главное управление стекольной промышленности НКЛП СССР 
801 0 |a RU  |b 63413507  |c 20011210  |g PSBO 
801 2 |a RU  |b 63413507  |c 20110117  |g PSBO 
942 |c CR